000 00951nam a2200229 4500
001 113987
003 DR-UNIBE
005 20250731084922.0
008 250731b2002 mx ||||| |||| 00| 0 spa d
020 _a9707121858
040 _aBIBLIOTECA UNIBE
_cBIBLIOTECA UNIBE
041 _aspa
082 _222
_a347.72 R4349
245 1 0 _aRespuesta al informe del Relator de la ONU para la independencia de Jueces y Abogados:
_b(Mayo 2002)
260 _aMéxico :
_bPoder Judicial de la Federación :
_b Suprema Corte de Justicia de la Nación,
_c2002
300 _a211 páginas :
_b21 x 19 cm
505 _aI. Consideraciones previas | II. Aspectos generales de nuestro sistema constitucional | III. Contestación del informe
650 7 _2lemb
_aOrganización de las Naciones Unidas
_zMéxico
_9198040
650 7 _2lemb
_aIndependencia judicial
_zMéxico
_9198041
650 7 _2lemb
_aAdministración de justicia
_zMéxico
_9198042
942 _2ddc
_cBK
999 _c113987
_d113987